Wymień wszystkie sołectwa Gminy Skomlin - Statystyki

Ogólne statystyki
  • Ten quiz został rozwiązany 51 razy
  • Średni wynik to 4 z 10
Statystyki odpowiedzi
Podpowiedź Odpowiedź % Poprawnych
Wieś (Sołectwo 1 i 2) Skomlin
100%
Wieś Bojanów
50%
Wieś Toplin
50%
Wieś Wichernik
50%
Wieś Wróblew
50%
Kolonia Maręże
38%
Wieś Zbęk
38%
Wieś Klasak Duży
25%
Wieś Walenczyzna
25%
Wieś Brzeziny
13%
Nie znaleziono quizów pasujących do podanych kryteriów
Rozkład punktacji
Procent ludzi z każdym wynikiem
Percentyl według liczby udzielonych odpowiedzi
Twoja historia wyników
Nie rozwiązałeś tego quizu